The practice of critical discourse analysis : (Record no. 11754)

MARC details
000 -LEADER
fixed length control field 00963cam a22002895a 4500
003 - CONTROL NUMBER IDENTIFIER
control field EG-ScBUE
005 - DATE AND TIME OF LATEST TRANSACTION
control field 20220410114911.0
008 - FIXED-LENGTH DATA ELEMENTS--GENERAL INFORMATION
fixed length control field 090607s2007 enka f b 001 0 eng d
020 ## - INTERNATIONAL STANDARD BOOK NUMBER
International Standard Book Number 9780340912379
020 ## - INTERNATIONAL STANDARD BOOK NUMBER
International Standard Book Number 0340912375
040 ## - CATALOGING SOURCE
Original cataloging agency EG-ScBUE
Language of cataloging eng
Description conventions rda
Transcribing agency EG-ScBUE
Modifying agency EG-ScBUE
082 04 - DEWEY DECIMAL CLASSIFICATION NUMBER
Classification number 401.41
Item number BLO
Edition number 22
100 1# - MAIN ENTRY--PERSONAL NAME
Personal name Bloor, Meriel,‏
Dates associated with a name 1934-
Relator term author.
245 14 - TITLE STATEMENT
Title The practice of critical discourse analysis :
Remainder of title an introduction /
Statement of responsibility, etc Meriel Bloor, Thomas Bloor.
264 #1 - PUBLICATION, DISTRIBUTION, ETC. (IMPRINT)
Place of publication, distribution, etc London :
Name of publisher, distributor, etc Hodder Education,
Date of publication, distribution, etc 2007.
300 ## - PHYSICAL DESCRIPTION
Extent v, 207 pages ;
Dimensions 23 cm
336 ## - CONTENT TYPE
Source rdacontent
Content type term text
Content type code txt
337 ## - MEDIA TYPE
Source rdamedia
Media type term unmediated
Media type code n
338 ## - CARRIER TYPE
Source rdacarrier
Carrier type term volume
Carrier type code nc
504 ## - BIBLIOGRAPHY, ETC. NOTE
Bibliography, etc Includes bibliographical references and index.
650 #7 - SUBJECT ADDED ENTRY--TOPICAL TERM
Topical term or geographic name as entry element Critical discourse analysis.
Source of heading or term BUEsh
9 (RLIN) 5865
651 ## - SUBJECT ADDED ENTRY--GEOGRAPHIC NAME
Source of heading or term BUEsh
653 ## - INDEX TERM--UNCONTROLLED
Resource For college Humanities: English
Arrived date list September2018
655 ## - INDEX TERM--GENRE/FORM
Form subdivision Reading book
9 (RLIN) 34232
700 1# - ADDED ENTRY--PERSONAL NAME
Title of a work
Personal name Bloor, Thomas,
Dates associated with a name 1935-
Relator term author.
942 ## - ADDED ENTRY ELEMENTS (KOHA)
Source of classification or shelving scheme Dewey Decimal Classification
Koha item type Book - Borrowing
Holdings
Withdrawn status Lost status Source of classification or shelving scheme Damaged status Not for loan Collection code Home library Current library Shelving location Date acquired Source of acquisition Cost, normal purchase price Serial Enumeration / chronology Total Checkouts Total Renewals Full call number Barcode Date last seen Date checked out Price effective from Koha item type
    Dewey Decimal Classification       Central Library Central Library Second Floor 07/06/2009   310.00 6195 5 21 401.41 BLO 000020393 15/07/2025 06/01/2019 07/06/2009 Book - Borrowing
    Dewey Decimal Classification       Central Library Central Library Second Floor 14/10/2014 Purchase     5 17 401.41 BLO 000016151 15/07/2025 04/02/2020   Book - Borrowing